000 00565nam a2200217Ia 4500
005 20250326144623.0
008 250326s9999 xx 000 0 und d
020 _a978-1-4221-1047-8
037 _aTextbook
040 _aFMSL
_beng
_cFMSL
041 _aeng
_2eng
084 _aX:87 P9
_qFMSL
100 _aMovius H
_9749934
245 0 _aBuilt of win
_cMovius H; Susskind L
260 _aBoston
_bBoston, Harvard Business
_c2009
300 _a211p
365 _b995
650 _aMarketing
942 _cTB
_hX:87 P9
999 _c1304350
_d1304350